000
00243nam a2200109Ia 4500
999
_c
7627
_d
7627
020
_a
978-93-325-4222-8
100
_a
Stephen P. Robbins
245
0
_a
Organizational Behavior
260
_a
USA
_b
Education InC
_c
2001
300
_a
643
942
_c
BK